La obra pictórica completa de Brueghel / (Record no. 37685)

MARC details
000 -LEADER
campo de control de longitud fija 00850nam a2200253 i 4500
001 - NÚMERO DE CONTROL
campo de control 37685
003 - IDENTIFICADOR DE NÚMERO DE CONTROL
campo de control ES-MaACL
005 - FECHA Y HORA DE LA ÚLTIMA TRANSACCIÓN
campo de control 20230906155626.0
008 - DATOS DE LONGITUD FIJA--INFORMACIÓN GENERAL
campo de control de longitud fija 970314s1968 sp af |||| |bspa d
080 ## - NÚMERO DE LA CLASIFICACIÓN DECIMAL UNIVERSAL
Número de la Clasificación Decimal Universal 75Brueghel, Pieter
100 1# - ENTRADA PRINCIPAL--NOMBRE DE PERSONA
Nombre de persona Brueghel, Pieter.
9 (RLIN) 145172
245 13 - MENCIÓN DEL TÍTULO
Título La obra pictórica completa de Brueghel /
Mención de responsabilidad, etc. introducción de Giovanni Arpino ; biografía y estudios críticos de Piero Bianconi.
260 ## - PUBLICACIÓN, DISTRIBUCIÓN, ETC.
Lugar de publicación, distribución, etc. Barcelona :
Nombre del editor, distribuidor, etc. Noguer,
Fecha de publicación, distribución, etc. [1968] (
Fabricante Rizzoli)
300 ## - DESCRIPCIÓN FÍSICA
Extensión 120 p. :
Otras características físicas il. col. y n. ;
Dimensiones 32 cm.
490 1# - MENCIÓN DE SERIE
Mención de serie Clásicos del arte ;
Designación de volumen o secuencia 4
500 ## - NOTA GENERAL
Nota general Índices.
504 ## - NOTA DE BIBLIOGRAFÍA, ETC.
Nota de bibliografía, etc. Bibliografía: p. 82.
600 17 - PUNTO DE ACCESO ADICIONAL DE MATERIA--NOMBRE DE PERSONA
Nombre de persona Brueghel, Pieter.
9 (RLIN) 145172
700 1# - ENTRADA AGREGADA--NOMBRE PERSONAL
Nombre de persona Arpino, Giovanni.
9 (RLIN) 23189
700 1# - ENTRADA AGREGADA--NOMBRE PERSONAL
Nombre de persona Bianconi, Piero.
9 (RLIN) 28754
830 0# - PUNTO DE ACCESO ADICIONAL DE SERIE-TÍTULO UNIFORME
Título uniforme Clásicos del arte ;
Designación de volumen o secuencia 4
9 (RLIN) 191252
852 ## - LOCALIZACIÓN
Ubicación ES-MaACL
Número de control de estantería L-31039
Holdings
Estatus retirado Estado de pérdida Estado de daño No para préstamo Biblioteca de origen Biblioteca actual Ubicación en estantería Fecha de adquisición Fuente de adquisición Total de préstamos Signatura topográfica completa Código de barras Visto por última vez Precio de reemplazo Tipo de ítem Koha
        Biblioteca del Ateneo de Madrid Biblioteca del Ateneo de Madrid Depósito 2 12/06/2012     L-31039 1189712 23/02/2023 23/02/2023 Libro impreso